=LDR 00000nam 2200000 4500 =001 INLIS000000000038710 =005 20130612144355 =008 ***********************************Ind** =035 ##$$0010-061300000038710 =041 ##$$a Ind =082 ##$$a 658.15 =090 ##$$a 658.15, Hal m =100 ##$$a Halim, Gunawan =245 ##$$a Micro stories >Macro Meaning, Memakai ide sederhana>Kehidupan Dahsyat, Gunawan Halim; Editor, Rayendra L. Toruan =260 ##$$a 2010 $b Jakarta =300 ##$$a xx,193 hlm, Ilus, 21 cm =650 ##$$a Manajemen Keuangan =700 ##$$a Toruan, Rayendra L =850 ##$$a NBPNMAT =990 ##$$a 0001/BPAP-NTB/20142014 =990 ##$$a 0001/BPAP-NTB/2015